Islanders Players (nhl) - Statistics

General Stats
  • This quiz has been taken 42 times
  • The average score is 12 of 15
Answer Stats
First name Last name % Correct
Matthew Barzal
100%
Anders Lee
100%
Brock Nelson
94%
Matt Martin
88%
Cal Clutterbuck
84%
Oliver Wahlstrom
84%
Josh Bailey
81%
Jordan Eberle
81%
Jean-Gabriel Pageau
81%
Casey Cizikas
78%
Kiefer Bellows
72%
Anthony Beauvillier
69%
Kyle Palmieri
69%
Leo Komarov
66%
Travis Zajac
50%
No matching quizzes found
Score Distribution
Percent of People with Each Score
Percentile by Number Answered
Your Score History
You have not taken this quiz